[Event "IV Open Giovinetto di Mothia"]
[Site "Marsala ITA"]
[Date "2000.08.19"]
[Round "6"]
[White "Cleal, John"]
[Black "Mazzilli, Piero"]
[Result "0-1"]
[WhiteElo "1660"]
[BlackElo "2183"]
[PlyCount "52"]
[EventDate "2000.08.16"]

1. e4 c5 2. Nc3 e6 3. f4 d5 4. Bb5+ Nc6 5. Nf3 Nf6 6. Bxc6+ bxc6 7. e5 Nd7 8.
O-O Ba6 9. d3 Be7 10. b3 O-O 11. Ne2 f6 12. c4 Qc7 13. Bb2 fxe5 14. Bxe5 Nxe5
15. fxe5 Bc8 16. Nc3 Bd7 17. Qd2 Be8 18. Rae1 Bh5 19. Ng5 Rxf1+ 20. Kxf1 Rf8+
21. Kg1 Bg4 22. h3 Bf5 23. Nf3 Bxh3 24. Ne2 Bg4 25. Nf4 g5 26. Ne2 Bxf3 0-1